000
00300nam a22001097a 4500
040
_c
HS
082
_a
580
100
_a
គួយ សុផល
245
_a
ចំនែកថ្នាក់រុក្ខជាតិ( plant classification)
260
_a
RUA
_b
គួយ សុផល
_c
1994
942
_c
KB
999
_c
8446
_d
8446